000 02497nam0a2200421 4500
001 RU\NLR\BIBL_A\022206219
005 20260128100407.0
010 _a978-5-6047999-1-8
_91000
021 _aRU
_bКН-П-24-014965
_9КН-П-24-1578
035 _a(NLR Aleph) 022206219
090 _a13059531
_c13059531
100 _a20240424d2023 k y0rusy50 ca
101 0 _arus
_deng
102 _aRU
105 _aa z 010yy
181 0 _ai
_bxxxe
182 0 _an
200 1 _aАнтропонимы в русской словесной культуре XVIII века
_eколлективная монография
_f[Бухаркин Петр Евгеньевич, доктор филол. наук, Варда Анна, доктор гуманитарных наук, профессор, Веселова Инна Сергеевна, канд. филол. наук, доцент, и др.]
_gпод редакцией: П. Е. Бухаркина [и др.]
_gИнститут лингвистических исследований Российской академии наук, [Семинар "Русский XVIII век"]
203 _aТекст
_bвизуальный
_cнепосредственный
210 _aСанкт-Петербург
_cИЛИ РАН
_d2023
215 _a581, [1] с.
_cтабл.
_d21
300 _aАвт. указаны на с. 579-580
300 _aРез. ст. англ.
300 _aНа авантитуле: К 300-летию Рос. акад. наук
320 _aБиблиогр. в конце ст. и в подстроч. примеч.
606 1 _aРусский язык
_xИсторическая антропонимика
_2nlr_sh2
_3RU\NLR\AUTH\66974395
606 1 _aРусская литература
_z18 в.
_xЯзык и стиль
_2nlr_sh1
_2nlr_sh2
_3RU\NLR\AUTH\66900285
686 1 _aШ141.12-0-314
686 1 _aШ5(2=Р)4-357
701 1 _aБухаркин
_bП.Е.
_f1955-
_gПетр Евгеньевич
_3RU\NLR\AUTH\771559
701 1 _aВарда
_bА.
_gАнна
701 1 _aВеселова
_bИ. С.
_gИнна Сергеевна
712 0 2 _aИнститут лингвистических исследований
_cСанкт-Петербург
_3RU\NLR\AUTH\8812421
_4570
942 _cBOOK
980 _aNB